|
|
|
|
| LEADER |
00758nab a2200205 i 4500 |
| 001 |
misc26835 |
| 005 |
20191111110236.0 |
| 008 |
170929s1992 hu o 0|| zxx d |
| 040 |
|
|
|a SZTE Miscellanea Repozitórium
|b hun
|
| 041 |
|
|
|a zxx
|
| 100 |
2 |
|
|a Frimpong-Manso Samuel
|
| 245 |
1 |
0 |
|a Preparation of uracil by cycloreversion
|h [elektronikus dokumentum] :
|b structure of cycloalkane/ene- and Norbornane/ene-fused dihydrouracils /
|c Frimpong-Manso Samuel
|
| 260 |
|
|
|c 1992
|
| 300 |
|
|
|a 221-224
|
| 490 |
0 |
|
|a Kolligátum
|
| 695 |
|
|
|a Gyógyszerkémia, Heterociklusos vegyületek
|
| 700 |
0 |
1 |
|a Nagy Katalin
|e aut
|
| 700 |
0 |
1 |
|a Stájer Géza
|e aut
|
| 700 |
0 |
1 |
|a Bernáth Gábor
|e aut
|
| 856 |
4 |
0 |
|u http://misc.bibl.u-szeged.hu/26835/1/019_016_221-224.pdf
|z Dokumentum-elérés
|